|
|
|
|
| LEADER |
00000nab a2200000uu 4500 |
| 001 |
vtls011486755 |
| 003 |
SK-MaSNL |
| 005 |
20260303154454.0 |
| 008 |
230222|1974 xo |||||||||||||||||slo| |
| 015 |
|
|
|a SNBRB
|
| 035 |
|
|
|a (urnnbn)urn:nbn:sk:snk:ar-007a4i
|
| 035 |
|
|
|a (uuid)be92d6fe-0c7a-4c47-987e-53ffe1120a6c
|
| 035 |
|
|
|a urn:nbn:sk:snk-abdctc
|
| 040 |
|
|
|a SNKBUCL
|b slo
|c SNKBUCL
|e AACR2
|
| 041 |
0 |
|
|a slo
|
| 044 |
|
|
|a xo
|c SK
|
| 100 |
1 |
|
|a Kavec, Ivan
|4 aut
|9 374296
|
| 245 |
1 |
0 |
|a Typy zariadení občianskej vybavenosti nadmiestneho významu na Slovensku
|c Ivan Kavec
|
| 773 |
0 |
|
|t Urbanita : vedecko-technické informácie z oblasti urbanizmu a územného plánovania
|g Roč. 2, č. 1 (1974), s. 18-27
|
| 954 |
|
|
|a odborná, vedecká literatúra pôvodná (slovenská)
|2 lita
|
| 958 |
|
|
|a OND
|
| 958 |
|
|
|a EUIPO
|
| 958 |
|
|
|a article18
|
| 999 |
|
|
|c 2034487
|d 2036417
|